000 00559nam a2200193Ia 4500
008 120914t2007 xxu||||| |||| 00| 0 sin d
041 _asin
080 _a8 - 31 (eng)
_bHAG
100 _aHaggard, H. Rider
245 _aක්ලියෝපැට්රා
246 _aCleopatra
260 _aDayawansa Jayakody
_aColombo
_c2007
300 _b342p, 21 cm
500 _aSinhalese Translation of H. Rider Haggard's of Cleopatra
700 _aDasanayaka, S. Chandrasiri
_etr.
942 _cBK
999 _c41741
_d41741
003 LK-CoDNM
040 _aLK-CoDNM
_dLK-CoDNM
_eLK-CoDNM